[Event "Open de Corse"]
[Site "Bastia FRA"]
[Date "2000.11.02"]
[Round "3"]
[White "Bologan,V"]
[Black "Chernin,A"]
[Result "0-1"]
[WhiteElo "2641"]
[BlackElo "2572"]

1.e4 d6 2.d4 Nf6 3.Nc3 g6 4.g3 Bg7 5.Bg2 O-O 6.Nge2 e5 7.h3 c6 8.a4 Na6 9.O-O exd4
10.Nxd4 Nb4 11.a5 Re8 12.f4 a6 13.f5 c5 14.Nde2 Bd7 15.fxg6 hxg6 16.Bg5 Bc6
17.Qd2 Re5 18.h4 Rxg5 19.hxg5 Nh7 20.Nd5 Nxd5 21.exd5 Bb5 22.c3 Bxe2 23.Qxe2 Qxg5
24.Qf2 Rf8 25.Qf4 Be5 26.Qxg5 Nxg5 27.Kf2 Kg7 28.Rh1 Nh7 29.Bf3 Nf6 30.Rae1 Nd7
31.Rh4 f5 32.Kg2 Bf6 33.Rh2 Be5 34.Reh1 Nf6 35.Re1 Rb8 36.Rhh1 g5 37.Kf2 g4
38.Bg2 Kg6 39.Re2 Nh5 40.Rxh5 Kxh5 41.Bf1 Kg5 42.Kg2 c4 43.Rd2 Rc8 44.Be2 Rc5
45.Bf1 Bf6 46.Be2 Be5 47.Bf1 Rc8 48.Be2 Kf6 49.Bf1 Kg6 50.Be2 Rc5 51.Bf1 Bf6
52.Be2 Bg5 53.Rd4 Bc1 54.Bxc4 Bxb2 55.Bd3 Kg5 56.Rb4 Rxd5 57.Rxb2 Rxd3 58.Rxb7 Rd2+
59.Kg1 Rd5 60.Rb6 Rxa5 61.Rxd6 Ra1+ 62.Kg2 Ra2+ 63.Kg1 a5 64.Ra6 f4 65.gxf4+ Kxf4
66.Rd6 a4 67.c4 a3 68.Rd3 Ke4 69.Rg3 Ke5 70.c5 Kd5 71.Rxg4 Ke5  0-1

[Event "Karpov It"]
[Site "Poikovsky RUS"]
[Date "2001.05.01"]
[Round "1"]
[White "Bologan,V"]
[Black "Georgiev,Ki"]
[Result "1-0"]
[WhiteElo "2676"]
[BlackElo "2676"]

1.e4 e5 2.Nf3 Nc6 3.Bb5 Nf6 4.O-O Nxe4 5.d4 Nd6 6.Bxc6 dxc6 7.dxe5 Nf5 8.Qxd8+ Kxd8
9.h3 Bd7 10.Nc3 Kc8 11.b3 a5 12.Bb2 Be7 13.Rad1 Re8 14.a4 c5 15.Rd3 b6 16.Nd5 Bd8
17.c4 Ne7 18.Nf4 Nc6 19.Rfd1 Bf5 20.Re3 g6 21.g4 Be6 22.Kg2 Kb7 23.Nd5 h6
24.Kg3 Be7 25.Red3 Bf8 26.Nf6 Red8 27.Rxd8 Rxd8 28.Rxd8 Nxd8 29.Bc1 Nc6 30.Ng8 g5
31.Nf6 Nd4 32.Nxd4 cxd4 33.f4 gxf4+ 34.Kxf4 c5 35.Ke4 Kc6 36.Nh5 Bc8 37.Nf4 Be7
38.Nd5 Bf8 39.Bd2 Be6 40.Nf6 Bg7 41.Nh5 Bf8 42.Ng3 Kd7 43.Nf5 b5 44.axb5 a4
45.bxa4 Bxc4 46.Bxh6 Bxh6 47.Nxh6 Bb3 48.a5 Ba4 49.b6 Bc6+ 50.Kf4  1-0

[Event "TCh-RUS"]
[Site "Tomsk RUS"]
[Date "2001.05.14"]
[Round "2"]
[White "Bologan,V"]
[Black "Svidler,P"]
[Result "0-1"]
[WhiteElo "2676"]
[BlackElo "2695"]

1.e4 c5 2.Nf3 d6 3.d4 cxd4 4.Nxd4 Nf6 5.Nc3 a6 6.Be2 e5 7.Nb3 Be7 8.g4 h6
9.f4 b5 10.g5 Nfd7 11.Nd5 Bb7 12.Bd2 Nc6 13.gxh6 Bh4+ 14.Kf1 gxh6 15.c4 bxc4
16.Bxc4 exf4 17.Rc1 Rc8 18.Be2 Nf6 19.Bg4 Nxd5 20.exd5 Ne5 21.Bxc8 Bxc8 22.Rc3 Bg4
23.Qc2 Qd7 24.Bxf4 Qb5+ 25.Kg1 Qxd5 26.Bg3 Rg8 27.Qg2 Bf3 28.Rxf3 Nxf3+ 29.Kf2 Rg5
30.Qh3 Rf5 31.Rd1 Ng5+  0-1

[Event "TCh-RUS"]
[Site "Tomsk RUS"]
[Date "2001.05.20"]
[Round "7"]
[White "Bareev,E"]
[Black "Bologan,V"]
[Result "1/2-1/2"]
[WhiteElo "2709"]
[BlackElo "2676"]

1.d4 d6 2.Nf3 g6 3.c4 Bg7 4.Nc3 Nf6 5.e4 O-O 6.Be2 e5 7.O-O exd4 8.Nxd4 Re8
9.f3 Nc6 10.Be3 Nh5 11.Nxc6 bxc6 12.Qd2 f5 13.Rad1 Qe7 14.Bg5 Qf7 15.exf5  1/2-1/2

[Event "2nd IECC"]
[Site "Ohrid MKD"]
[Date "2001.06.01"]
[Round "1"]
[White "Bologan,V"]
[Black "Sulskis,S"]
[Result "1-0"]
[WhiteElo "2676"]
[BlackElo "2530"]

1.e4 e5 2.Nf3 Nc6 3.Bb5 a6 4.Ba4 Nf6 5.O-O Be7 6.Re1 b5 7.Bb3 d6 8.c3 O-O
9.h3 Na5 10.Bc2 c5 11.d4 Nc6 12.d5 Na7 13.Nbd2 Bd7 14.a4 Qc7 15.Nf1 Rae8
16.Be3 Nc8 17.N1d2 Bd8 18.Qe2 Qb7 19.Ra2 h6 20.Rea1 Bb6 21.axb5 axb5 22.b3 Ne7
23.b4 c4 24.Bxb6 Qxb6 25.Ra6 Qb8 26.Qe3 Nc8 27.Nh4 Re7 28.Nf1 Ne8 29.Ng3 Nc7
30.R6a2 Kh7 31.Ngf5 Ree8 32.g4 g5 33.Ng2 Bxf5 34.gxf5 Qb6 35.Qf3 Ne7 36.f6 Ng6
37.Qf5 Rd8 38.Bd1 Kh8 39.Bh5 Rg8 40.Kf1 Rdf8 41.Ra7 Rd8 42.Qg4 Rdf8 43.Qd7 Ne8
44.R1a6 Qb8 45.Ra8 Nxf6 46.Qf5 Nxh5 47.Rxb8 Rxb8 48.Rxd6 Ra8 49.Rd7 Rg7 50.Kg1 Kg8
51.Kh2 Nhf4 52.Nxf4 gxf4 53.Rxf7 Rxf7 54.Qxg6+ Rg7 55.Qe6+ Kh7 56.Qf5+ Kg8
57.Qxe5 Rf8 58.h4 f3 59.Kh3 Rff7 60.d6 Rg1 61.Qd5 Kf8 62.d7  1-0

[Event "2nd IECC"]
[Site "Ohrid MKD"]
[Date "2001.06.02"]
[Round "2"]
[White "Hulak,K"]
[Black "Bologan,V"]
[Result "1-0"]
[WhiteElo "2564"]
[BlackElo "2676"]

1.c4 e5 2.g3 Nf6 3.Bg2 h6 4.Nc3 Bb4 5.Nf3 Bxc3 6.dxc3 d6 7.O-O Nc6 8.Ne1 Be6
9.b3 Qd7 10.e4 O-O-O 11.Nc2 h5 12.f3 h4 13.Ne3 Nh5 14.Qe1 hxg3 15.hxg3 g6
16.Nd5 f5 17.Bg5 Rdf8 18.exf5 gxf5 19.f4 e4 20.Qe3 Kb8 21.Kf2 Nd8 22.Rh1 Nf7
23.Rxh5 Nxg5 24.Rxh8 Rxh8 25.fxg5 Bxd5 26.cxd5 Qf7 27.Rh1 Rg8 28.Bf1 a6 29.Be2 Rf8
30.c4 Qg7 31.Rh6 b6 32.Kg2 Kb7 33.b4 Qe5 34.Re6 Qb2 35.a3 Rg8 36.Kf2 Rh8
37.Rh6 Rf8 38.Kg2 Rg8 39.g6 Qe5 40.Bh5 Rf8 41.Qf4 Qb2+ 42.Kh3 Qa1 43.Kh4 Qf6+
44.Kh3 Qa1 45.Kg2 Qa2+ 46.Qf2 Qxc4 47.g7 Rg8 48.Qxf5 Rxg7 49.Rg6 Rxg6 50.Bxg6 Qa2+
51.Kh3 e3 52.Be8 Qe2 53.Bc6+ Ka7 54.Qf7  1-0

[Event "2nd IECC"]
[Site "Ohrid MKD"]
[Date "2001.06.07"]
[Round "7"]
[White "Bologan,V"]
[Black "Basagic,Z"]
[Result "1-0"]
[WhiteElo "2676"]
[BlackElo "2345"]

1.e4 e5 2.Nf3 Nc6 3.Bb5 a6 4.Ba4 Nf6 5.O-O Bc5 6.c3 Ba7 7.d4 Nxe4 8.Re1 f5
9.Nbd2 O-O 10.Nxe4 fxe4 11.Rxe4 d6 12.dxe5 Nxe5 13.Nxe5 dxe5 14.Qxd8 Rxd8
15.Rxe5 Bd7 16.Bb3+ Kh8 17.Bf4 Rf8 18.Be3 Bxe3 19.Rxe3 Bc6 20.Re7 Rf6 21.Rxc7 Re8
22.f3 g5 23.Rd1 Ref8 24.h3 h5 25.Rd4 Bxf3 26.gxf3 Rxf3 27.Rd2 Rxh3 28.Rdd7  1-0

[Event "2nd IECC"]
[Site "Ohrid MKD"]
[Date "2001.06.10"]
[Round "9"]
[White "Bologan,V"]
[Black "Huzman,A"]
[Result "1-0"]
[WhiteElo "2676"]
[BlackElo "2578"]

1.e4 e5 2.Nf3 Nf6 3.Nxe5 d6 4.Nf3 Nxe4 5.d4 d5 6.Bd3 Be7 7.O-O Nc6 8.c4 Nb4
9.Be2 O-O 10.a3 Nc6 11.cxd5 Qxd5 12.Nc3 Nxc3 13.bxc3 Bf5 14.c4 Qd6 15.d5 Ne5
16.Nd4 Bd7 17.a4 c5 18.Nb3 f5 19.f4 Nf7 20.Nd2 Bf6 21.Ra2 Rfe8 22.Nf3 Re7
23.Bd3 Rae8 24.Qc2 g6 25.g3 Kg7 26.a5 Bc8 27.Bd2 b6 28.Rb1 Rb7 29.Bc3 Bd7
30.axb6 axb6 31.Ra6 Reb8 32.Qb2 Bxc3 33.Qxc3+ Qf6 34.Ne5 Be8 35.Qa1 Kg8 36.Re1 Nd6
37.Bf1 Qd8 38.Bg2 Re7 39.Rd1 Qc7 40.Bf3 Rb7 41.Rb1 b5 42.Rc6 Bxc6 43.dxc6 Ra7
44.Qb2 Nxc4 45.Bd5+ Rf7 46.Nxc4 bxc4 47.Qf6  1-0

[Event "2nd IECC"]
[Site "Ohrid MKD"]
[Date "2001.06.13"]
[Round "12"]
[White "Nisipeanu,LD"]
[Black "Bologan,V"]
[Result "1/2-1/2"]
[WhiteElo "2596"]
[BlackElo "2676"]

1.e4 c5 2.Nf3 Nc6 3.d4 cxd4 4.Nxd4 Nf6 5.Nc3 e5 6.Ndb5 d6 7.Bg5 a6 8.Na3 b5
9.Nd5 Be7 10.Bxf6 Bxf6 11.c3 O-O 12.Nc2 Bg5 13.a4 bxa4 14.Rxa4 a5 15.Bb5 Bb7  1/2-1/2

[Event "7th Tan Chin Nam Cup"]
[Site "Shanghai CHN"]
[Date "2001.07.12"]
[Round "4"]
[White "Bologan,V"]
[Black "Peng Xiaomin"]
[Result "1-0"]
[WhiteElo "2655"]
[BlackElo "2648"]

1.e4 e5 2.Nf3 Nc6 3.Bb5 a6 4.Ba4 Nf6 5.O-O Be7 6.Re1 b5 7.Bb3 d6 8.c3 O-O
9.h3 Na5 10.Bc2 c5 11.d4 Qc7 12.Nbd2 cxd4 13.cxd4 Bd7 14.Nf1 Rac8 15.Ne3 Nc6
16.d5 Nb4 17.Bb1 a5 18.a3 Na6 19.b4 g6 20.Bd2 Nh5 21.Bd3 Qb7 22.Nc2 Bd8 23.Bh6 Ng7
24.Qd2 axb4 25.axb4 Bb6 26.Rab1 Nc7 27.Na1 f5 28.Nb3 fxe4 29.Bxe4 Bf5 30.Bxf5 Rxf5
31.Rbc1 Rxf3 32.gxf3 Nf5 33.Rc6 Nxh6 34.Qxh6 Nxd5 35.Rxd6 Nf4 36.Nd2 Rf8
37.Ne4 Bd8 38.Red1 Ne2+ 39.Kg2 Nd4 40.R1xd4 exd4 41.Rxd4 Qf7 42.Rd3 Be7 43.Qd2 Qf4
44.Qc3 Qf5 45.Qd2 Qf4 46.Qd1 Bf6 47.Rd5 Rb8 48.Qd3 Be5 49.Ng3 Qf6 50.Rxb5 Bxg3
51.Kxg3 Rd8 52.Qc4+ Kh8 53.Rd5 Rf8 54.Qe4 Kg7 55.b5  1-0

[Event "7th Tan Chin Nam Cup"]
[Site "Shanghai CHN"]
[Date "2001.07.14"]
[Round "6"]
[White "Bologan,V"]
[Black "Zhang Zhong"]
[Result "0-1"]
[WhiteElo "2655"]
[BlackElo "2632"]

1.e4 c5 2.Nf3 d6 3.d4 cxd4 4.Nxd4 Nf6 5.Nc3 a6 6.Be3 e5 7.Nb3 Be6 8.f3 h5
9.Qd2 Nbd7 10.O-O-O Be7 11.Kb1 Rc8 12.f4 b5 13.Bd3 Qc7 14.h3 Nb6 15.Bxb6 Qxb6
16.Nd5 Bxd5 17.exd5 e4 18.Be2 h4 19.Qd4 Qc7 20.Rc1 O-O 21.c4 b4 22.Rhg1 Nd7
23.Qxe4 Bf6 24.g4 Nc5 25.Nxc5 Qxc5 26.Bd3 g6 27.g5 Rce8 28.Qg2 Bd4 29.Rgf1 Re3
30.Rcd1 Bg7 31.f5 gxf5 32.Qf2 Qd4 33.Bxf5 Qe5 34.Rd2 Qg3 35.Bg4 a5 36.Bh5 f5
37.Re2 f4 38.Rxe3 fxe3 39.Bf7+ Kh8 40.Qe2 Qxg5 41.Kc1 a4 42.Rf3 a3 43.bxa3 Qe5
44.axb4 Qa1+ 45.Kc2 Qb2+ 46.Kd3 Qc3+  0-1

[Event "7th Tan Chin Nam Cup"]
[Site "Shanghai CHN"]
[Date "2001.07.17"]
[Round "8"]
[White "Bologan,V"]
[Black "Ye Jiangchuan"]
[Result "1-0"]
[WhiteElo "2655"]
[BlackElo "2671"]

1.e4 c5 2.Nf3 e6 3.d4 cxd4 4.Nxd4 a6 5.Nc3 Qc7 6.Bd3 Nc6 7.Nxc6 dxc6 8.O-O e5
9.f4 Nf6 10.Kh1 Bd6 11.f5 b5 12.a4 Bb7 13.Be3 Rd8 14.Qe2 h6 15.Nd1 Qe7 16.Bf2 Qc7
17.c4 bxc4 18.Bxc4 a5 19.Rc1 O-O 20.Ne3 Bb4 21.Bh4 Be7 22.Rfd1 Rxd1+ 23.Rxd1 Rd8
24.Rxd8+ Qxd8 25.Qd1 Qxd1+ 26.Nxd1 Bb4 27.Bxf6 gxf6 28.Kg1 c5 29.Bd5 Ba6
30.Kf2 Bd3 31.Ne3 Bd2 32.b3 Kf8 33.Ng4 Kg7 34.Kf3 Bf4 35.Nf2 Ba6 36.Bc4 Bxc4
37.bxc4 Bc1 38.Nd3 Ba3 39.Kg4 Kh7 40.Kh5 Kg7 41.h4 Bb4 42.g4 Ba3 43.g5 hxg5
44.hxg5 fxg5 45.Nxe5 f6 46.Nd7 Kf7 47.e5 fxe5 48.Kxg5 Bc1+ 49.Kg4 e4 50.Nxc5 e3
51.Kf3 Kf6 52.Nb3  1-0

[Event "EUR vs Tartarstan"]
[Site "Kazan RUS"]
[Date "2001.08.16"]
[Round "2"]
[White "Bologan,V"]
[Black "Timofeev,Ar"]
[Result "1-0"]
[WhiteElo "2655"]
[BlackElo "2521"]

1.e4 c5 2.Nf3 d6 3.d4 cxd4 4.Nxd4 Nf6 5.Nc3 e6 6.g4 e5 7.Bb5+ Bd7 8.Bxd7+ Qxd7
9.Nf5 h5 10.gxh5 Nxe4 11.Nxg7+ Bxg7 12.Nxe4 d5 13.h6 dxe4 14.Qxd7+ Kxd7 15.hxg7 Rg8
16.Rg1 Nc6 17.Be3 Ne7 18.O-O-O+ Ke6 19.Bc5 Nf5 20.Bf8 Nd4 21.Kb1 Kf5 22.c3 Nf3
23.Rh1 Rgxf8 24.gxf8=Q Rxf8 25.h4 Rh8 26.Rd7 Rh7 27.Rxb7 e3 28.fxe3 Ke4 29.Rxa7 Kxe3
30.Re7 e4 31.h5 Kf2 32.a4 e3 33.a5 e2 34.a6 e1=Q+ 35.Rhxe1 Nxe1 36.a7 Rh8
37.Rxf7+ Ke2 38.Rb7 Ra8 39.h6  1-0

[Event "ECC"]
[Site "Panormo GRE"]
[Date "2001.09.23"]
[Round "1"]
[White "Bologan,V"]
[Black "Konopka,M"]
[Result "1-0"]
[WhiteElo "2655"]
[BlackElo "2479"]

1.e4 e5 2.Nf3 Nf6 3.Nxe5 d6 4.Nf3 Nxe4 5.d4 d5 6.Bd3 Bd6 7.O-O O-O 8.c4 c6
9.Re1 Bf5 10.Qc2 Na6 11.a3 Re8 12.Nc3 Bg4 13.Bxe4 dxe4 14.Rxe4 Bxf3 15.gxf3 Qf6
16.c5 Bc7 17.f4 Rad8 18.Be3 b6 19.Kh1 Nb8 20.Rg1 Qh4 21.Rxe8+ Rxe8 22.Qf5 Qe7
23.d5 bxc5 24.dxc6 Qd6 25.Qxc5 Qxc5 26.Bxc5 Nxc6 27.Nd5 Bd8 28.b4 a6 29.Rc1 f5
30.Bb6 Bxb6 31.Rxc6 Bxf2 32.Kg2 Bd4 33.Rxa6 Kf7 34.Kf3 Re1 35.b5 Rb1 36.a4 Rb2
37.h4 Rh2 38.Kg3 Rd2 39.Nb4 Rb2 40.Nc6 Bf2+ 41.Kf3 Bxh4 42.b6 g5 43.fxg5 Bxg5
44.Nd4 Rb4 45.Ra7+  1-0

[Event "Aeroflot Open"]
[Site "Moscow RUS"]
[Date "2002.02.05"]
[Round "1"]
[White "Riazantsev,A"]
[Black "Bologan,V"]
[Result "1/2-1/2"]
[WhiteElo "2511"]
[BlackElo "2651"]

1.d4 d5 2.c4 c6 3.Nf3 Nf6 4.Nc3 a6 5.e3 b5 6.b3 Bg4 7.Be2 e6 8.O-O Nbd7 9.h3 Bf5
10.Bd3 Bd6 11.Qe2 Bxd3 12.Qxd3 b4 13.Na4 Ne4 14.Bb2 O-O 15.Rac1 f5 16.cxd5 cxd5
17.Rc6 g5 18.Ne5 g4 19.Qe2 Rf6 20.Nc5 Bxe5 21.dxe5 Rg6 22.Nxe6 Qh4 23.Nd4 Rg5
24.Kh1 Nxe5 25.Rxa6 Rd8 26.Ra7 Qh6 27.Qa6 Qxa6 28.Rxa6 gxh3 29.gxh3 Nd3 30.Nc6 Nexf2+
31.Kh2 Rg6 32.Bd4 Rc8 33.Rg1 Ne4  1/2-1/2

[Event "3rd Karpov It"]
[Site "Poikovsky RUS"]
[Date "2002.04.19"]
[Round "4"]
[White "Vescovi,G"]
[Black "Bologan,V"]
[Result "1/2-1/2"]
[WhiteElo "2611"]
[BlackElo "2652"]

1.e4 c5 2.Nf3 e6 3.d3 Nc6 4.g3 g6 5.Bg2 Bg7 6.O-O d6 7.c3 Nf6 8.Re1 e5 9.a3 O-O
10.b4 a6 11.Bb2 Re8 12.Nbd2 h6 13.d4 exd4 14.cxd4 Nh7 15.Nc4 Bg4 16.d5 Bxb2
17.Nxb2 Ne5 18.Nd3 Bxf3 19.Bxf3 Nxf3+ 20.Qxf3 Ng5 21.Qd1 Qf6 22.Nf4 Nxe4
23.Rc1 Qb2 24.Rc2 Qxa3 25.Rce2 Nf6 26.Nxg6 fxg6 27.Qb1 Kf7 28.bxc5 b5 29.cxb6 Rxe2
30.Rxe2 Rc8 31.Re1 Qa5 32.b7 Rb8 33.Rc1 Qd8 34.Rc6 Qe7 35.Rb6 Nxd5 36.Qb3 Qe1+
37.Kg2 Qe6 38.Qf3+ Nf6 39.Rxa6 Qe4 40.Rxd6 Qxf3+ 41.Kxf3 Rxb7 42.Rd3 Nd7
43.Ra3 Nc5 44.Ra5 Rb3+ 45.Kg2 Rc3 46.h4 Kf6 47.Ra8 Nd3 48.Rd8 Ne5 49.Rd4 Rc2
50.Rf4+ Ke6 51.Rd4 Ra2 52.Re4 Kd5 53.Rf4 Ra7 54.Rf6 Rf7 55.Ra6 Nc6 56.Ra4 Rf6
57.Ra6 Kc5 58.Kg1 Kb5 59.Ra8 Ne5 60.Kg2 Kc4 61.Ra4+ Kd3 62.Ra3+ Kd4 63.Ra4+ Nc4
64.Ra8 Nb2 65.Rh8 h5 66.Re8 Kd3 67.Kf1 Nd1 68.Rd8+ Kc2 69.Ke1 Nc3 70.Rd4 Re6+
71.Kf1 Ne4 72.Kg2 Kc3 73.Ra4 Kd3 74.Ra3+ Nc3 75.Kf1 Rf6 76.Kg2 Kd2 77.Ra5 Ne4
78.f3 Nd6 79.Kf2 Kd3 80.Rd5+ Kc4 81.Ra5 Ne4+ 82.Kg2 Nc5 83.g4 hxg4 84.fxg4 Ne4
85.g5  1/2-1/2

[Event "3rd Karpov It"]
[Site "Poikovsky RUS"]
[Date "2002.04.21"]
[Round "6"]
[White "Zvjaginsev,V"]
[Black "Bologan,V"]
[Result "1/2-1/2"]
[WhiteElo "2645"]
[BlackElo "2652"]

1.d4 d5 2.c4 c6 3.Nc3 Nf6 4.e3 a6 5.Bd3 Bg4 6.Qb3 Ra7 7.Nge2 e6 8.Ng3 Nh5
9.Be2 Nxg3 10.hxg3 Bxe2 11.Nxe2 Nd7 12.Bd2 Bd6 13.Bb4 Bxb4+ 14.Qxb4 Qe7 15.Qxe7+ Kxe7
16.Rc1  1/2-1/2

[Event "5th Comtois Masters"]
[Site "Belfort FRA"]
[Date "2002.06.29"]
[Round "2"]
[White "Bologan,V"]
[Black "Koch,JR"]
[Result "0-1"]
[WhiteElo "2652"]
[BlackElo "2498"]

1.e4 e5 2.Nf3 Nf6 3.Nxe5 d6 4.Nf3 Nxe4 5.d4 d5 6.Bd3 Nc6 7.O-O Bg4 8.c4 Nf6
9.Nc3 Bxf3 10.Qxf3 Nxd4 11.Qh3 dxc4 12.Bxc4 Be7 13.Bg5 Qc8 14.Qe3 Ne6 15.Bxf6 Bxf6
16.Nd5 Qd8 17.Qb3 Bd4 18.Qxb7 O-O 19.Rab1 Rb8 20.Qa6 c6 21.Qxc6 Bxb2 22.Qa4 Be5
23.Rbd1 Rb7 24.Bd3 Qb8 25.f4 Bd6 26.Qe4 g6 27.f5 Nc5 28.Qh4 Be5 29.f6 Re8
30.Qh6 Ne6 31.Be2 Bd6 32.Bg4 Bf8 33.Qh4 Rb2 34.Kh1 Qb7 35.Rfe1 Nc7 36.Rxe8 Nxe8
37.Qe1 Nc7 38.Ne7+ Bxe7 39.Bf3 Qb4 40.Qxe7 Qxe7 41.fxe7 f5 42.Re1 Ne8 43.g4 fxg4
44.Bc6 Kf7 45.Rf1+ Kxe7 46.Re1+ Kf6 47.Rxe8 Rxa2 48.Bb5 h5 49.Kg1 a5 50.Ra8 h4
51.Ra6+ Kg5 52.Bd3 a4 53.Rxg6+ Kf4 54.Ra6 Kf3 55.Rf6+ Ke3 56.Bc4 Ra1+ 57.Kg2 Rc1
58.Re6+ Kd4 59.Be2 a3 60.Ra6 Rc2 61.Kf2 a2 62.Ra3 g3+ 63.hxg3 hxg3+ 64.Ke1  0-1

[Event "5th Comtois Masters"]
[Site "Belfort FRA"]
[Date "2002.07.01"]
[Round "4"]
[White "Bologan,V"]
[Black "Bauer,Ch"]
[Result "0-1"]
[WhiteElo "2652"]
[BlackElo "2571"]

1.e4 e6 2.d4 d5 3.Nc3 Nf6 4.e5 Nfd7 5.Nce2 c5 6.f4 Nc6 7.c3 Qb6 8.Nf3 Be7
9.a3 f6 10.h4 O-O 11.b4 cxd4 12.cxd4 a5 13.b5 Qxb5 14.Nc3 Qb6 15.Rb1 Qd8
16.Bd3 fxe5 17.dxe5 Nc5 18.Nb5 Nxd3+ 19.Qxd3 h6 20.Qg6 Bd7 21.Ng5 Bxg5 22.hxg5 Ne7
23.Qd3 Bxb5 24.Rxb5 Qc7 25.Bd2 hxg5 26.Qh7+ Kf7 27.Rh6 Nf5 28.Rf6+ Ke7 29.g4 gxf4
30.Rxf5 exf5 31.Rxd5 Qc6 32.Qxg7+ Rf7 33.Qg5+ Kf8 34.Rd6 Qh1+ 35.Kf2 Qh2+
36.Kf1 Qh3+ 37.Kf2 Qh2+ 38.Kf1 Qh3+ 39.Kf2 Qg3+ 40.Kf1 Qf3+ 41.Ke1 Qxg4 42.Bxf4 Qxg5
43.Bxg5 Ra6 44.Rd5 Kg7 45.Kf2 Rc7 46.Bd2 a4 47.Kf3 Kf7 48.Rd8 Ke6  0-1

[Event "5th Comtois Masters"]
[Site "Belfort FRA"]
[Date "2002.07.04"]
[Round "7"]
[White "Koch,JR"]
[Black "Bologan,V"]
[Result "1-0"]
[WhiteElo "2498"]
[BlackElo "2652"]

1.e4 c5 2.Nf3 d6 3.d4 cxd4 4.Nxd4 Nf6 5.Nc3 a6 6.Bg5 Nc6 7.Qd2 e6 8.O-O-O h6
9.Be3 Qc7 10.f3 Rb8 11.g4 Ne5 12.h4 b5 13.Bd3 b4 14.Nce2 d5 15.g5 dxe4 16.fxe4 Nfg4
17.Kb1 Nxe3 18.Qxe3 h5 19.Nf4 g6 20.Be2 Bg7 21.Rhf1 O-O 22.Qb3 Rd8 23.Bxh5 Nc4
24.Bxg6 Rxd4 25.Bxf7+ Qxf7 26.Rxd4 Na3+ 27.bxa3 Bxd4 28.a4 Be5 29.Qd3 Bxf4
30.Qd8+ Kg7 31.e5 a5 32.h5 b3 33.Qf6+ Qxf6 34.exf6+ Kf8 35.Rxf4 e5 36.Rf2 bxc2+
37.Kxc2 Bg4 38.h6 Kf7 39.Kd3 Bh5 40.Ke3 Bg6 41.Rf1 Rc8 42.Rh1 Bh7 43.Rd1 Ke6
44.Rf1 Rc3+ 45.Kd2 Rc2+ 46.Ke3 Rc7 47.Kd2 Rf7 48.Ke2 Bg6 49.Kd2 Rd7+ 50.Ke3 Rc7
51.Kd2 e4 52.Ke3 Rc3+ 53.Kf4 Kf7 54.Kg4 Rd3 55.Kf4 Ra3 56.Rf2 Ke6 57.Rf1 Rxa4
58.f7 Kxf7 59.Ke5+ Kg8 60.Kf6 Be8 61.g6 Kh8 62.g7+ Kh7 63.Rg1  1-0

[Event "5th Comtois Masters"]
[Site "Belfort FRA"]
[Date "2002.07.05"]
[Round "8"]
[White "Bologan,V"]
[Black "Hamdouchi,H"]
[Result "0-1"]
[WhiteElo "2652"]
[BlackElo "2570"]

1.e4 c5 2.Nf3 Nc6 3.d4 cxd4 4.Nxd4 Nf6 5.Nc3 e5 6.Ndb5 d6 7.Nd5 Nxd5 8.exd5 Nb8
9.c4 Be7 10.Be2 O-O 11.O-O a6 12.Nc3 f5 13.f4 Bf6 14.Kh1 Nd7 15.a4 exf4 16.Bxf4 Ne5
17.Be3 Ng6 18.c5 Be5 19.Bd4 dxc5 20.Bxe5 Nxe5 21.d6 Rf6 22.Qd5+ Nf7 23.Qxc5 Qxd6
24.b4 Be6 25.Rad1 Qxc5 26.bxc5 Rc8 27.Nd5 Bxd5 28.Rxd5 g6 29.g4 Rfc6 30.Rc1 fxg4
31.Bxg4 R8c7 32.Bd7 Rf6 33.Kg2 Kg7 34.Kg3 Ne5 35.Rcd1 Nxd7 36.Rxd7+ Rf7 37.Rxc7 Rxc7
38.Rd5 Kf7 39.Kf4 Ke7 40.Ke4 Rd7 41.Rg5 Rd2 42.Rg3 Re2+ 43.Kd5 Rxh2 44.Rb3 Rd2+
45.Ke5 Rd7 46.Rb6 Rc7 47.c6 bxc6 48.Rxa6 c5 49.Re6+ Kd7 50.Rd6+ Kc8 51.Rd3 c4
52.Rc3 Kb7 53.a5 Ka6 54.Kd6 Rc8 55.Kd7 Rc5 56.Kd6 Kb5 57.a6 Rc6+ 58.Kd5 Rxa6
59.Rxc4 Rd6+  0-1

[Event "Ordix Open"]
[Site "Mainz GER"]
[Date "2002.08.18"]
[Round "9"]
[White "Georgiev,Ki"]
[Black "Bologan,V"]
[Result "0-1"]
[WhiteElo "2654"]
[BlackElo "2631"]

1.d4 Nf6 2.c4 g6 3.Nf3 Bg7 4.g3 O-O 5.Bg2 d6 6.O-O c6 7.b3 Qa5 8.Qd2 Qh5
9.Nc3 Bh3 10.Qg5 Bxg2 11.Qxh5 Nxh5 12.Kxg2 c5 13.e3 Nc6 14.Rd1 f5 15.Bb2 h6
16.Rd2 b6 17.Re1 g5 18.Nb5 Kf7 19.h3 Nf6 20.d5 Nd8 21.Bxf6 Bxf6 22.Rd3 a6
23.Na3 Kg7 24.e4 fxe4 25.Rxe4 Nf7 26.Nc2 b5 27.Ne3 Kg6 28.h4 b4 29.Ng4 a5
30.Re6 a4 31.hxg5 hxg5 32.Nd2 Nd8 33.Re1 axb3 34.axb3 Ra2 35.Ne4 Bd4 36.Rh1 Re2
37.Rh6+ Kg7 38.Nxg5 Rfxf2+ 39.Kh3 Rf1 40.Kh4 Rh1+ 41.Nh3 Re4 42.Rf3 Bf6+
43.Rhxf6 exf6 44.Rf4 Rxf4 45.gxf4 Rb1 46.Ne3 Nb7 47.Nf2 Rxb3 48.Nf5+ Kg6
49.Ne7+ Kf7 50.Nf5 Rf3 51.Ng4 Rxf4 52.Ne3 b3 53.Kg3 Rd4 54.Nf5 b2 55.Nxd4 cxd4
56.Nh6+ Kg6 57.Ng4 b1=Q 58.Kf4 Qf5+ 59.Kg3 Qxg4+ 60.Kxg4 Nc5 61.Kf4 f5 62.Kf3 Kg5
63.Ke2 Kf4 64.Kf2 Ke4 65.Ke2 d3+ 66.Kd2 Kd4 67.Kc1 Kc3  0-1

[Event "Ordix Open"]
[Site "Mainz GER"]
[Date "2002.08.18"]
[Round "11"]
[White "Epishin,V"]
[Black "Bologan,V"]
[Result "0-1"]
[WhiteElo "2643"]
[BlackElo "2631"]

1.d4 Nf6 2.c4 e6 3.Nc3 Bb4 4.e3 O-O 5.Bd3 d5 6.cxd5 exd5 7.Ne2 Re8 8.O-O Bf8
9.Bd2 a6 10.Qc2 Nbd7 11.Rad1 b5 12.Ng3 c5 13.dxc5 Nxc5 14.Nce2 Bb7 15.Bc3 Nxd3
16.Rxd3 Rc8 17.Qd2 Nd7 18.Rd1 Nc5 19.Rd4 Ne6 20.Rg4 Rc4 21.Nd4 Nxd4 22.Rxd4 Qc8
23.a3 Rxd4 24.Bxd4 Qd7 25.Ne2 Rc8 26.h3 Qc7 27.Rc1 Qd8 28.Rxc8 Qxc8 29.Nc1 a5
30.Nd3 Qc4 31.Bc3 a4 32.Bb4 d4 33.Bxf8 dxe3 34.Qxe3 Kxf8 35.f3 Qd5 36.Kf2 h6
37.h4 Kg8 38.Nc5 Bc6 39.Qc3 Qd8 40.g3 Qd5 41.Na6 Qe6 42.Nb4 Bb7 43.Qd4 Qh3
44.Qf4 Qh2+ 45.Ke3 Qg1+ 46.Kd2 Qf2+ 47.Kc3 Bxf3 48.Nd3 Qe2 49.Qd4 Be4 50.Nc5 Qe1+
51.Qd2 Qxg3+ 52.Kb4 Bg6 53.Qd4 Qb8 54.Nd7 Qd8 55.Kxb5 Bf5 56.Kb4 Qxd7 57.Qe5 Qb7+
58.Kc5 Bd7 59.Qe7 Qc6+ 60.Kb4 Qb6+ 61.Kc3 Qb3+ 62.Kd2 Qxb2+ 63.Ke3 Qb6+ 64.Kd3 Qe6
65.Qd8+ Qe8 66.Qb6 Bb5+ 67.Kc3 Qc6+  0-1

[Event "Olympiad"]
[Site "Bled SLO"]
[Date "2002.10.30"]
[Round "5"]
[White "Leko,P"]
[Black "Bologan,V"]
[Result "1/2-1/2"]
[WhiteElo "2743"]
[BlackElo "2627"]

1.e4 c5 2.Nf3 d6 3.d4 cxd4 4.Nxd4 Nf6 5.Nc3 a6 6.Be3 e5 7.Nb3 Be6 8.Be2 Be7
9.O-O O-O 10.Qd2 Nbd7 11.a4 Rc8 12.a5 Qc7 13.Rfc1 Qc6 14.Bf3 h6 15.Qd1 Nh7
16.Nd2 Ng5 17.Nd5 Nxf3+ 18.Qxf3 Bd8 19.c4 Kh7 20.b4 f5 21.exf5 Bxf5 22.Qe2 Nf6
23.Nb6 Rc7 24.Nf1 Rcf7 25.b5 Qe8 26.Ng3 Bg6 27.h3 Bxb6 28.axb6 axb5 29.cxb5 Nd5
30.f3 Nxe3 31.Qxe3 Qxb5 32.Ne4 Qd7 33.Rd1 d5 34.Qc5 Rd8 35.Nf2 Rf6 36.Qc7 Rc6
37.Qxe5 Rxb6 38.Qd4 Rc6 39.Ra5 Bf7 40.Ng4 Qc7 41.Rb5 Re8 42.Ne3 Rc1 43.Rxc1 Qxc1+
44.Kf2 Qc6 45.Rb6 Qd7 46.Ng4 Qc7 47.Ne3 Re6 48.Rxe6 Bxe6 49.Nxd5 Qc2+ 50.Kg3 Bxd5
51.Qxd5 Qc6 52.Qxc6 bxc6 53.Kf4 Kg6 54.Ke5 Kf7 55.Kd6 Kf6 56.g3 g5 57.Kxc6 Ke5
58.Kc5 h5 59.Kc4 h4 60.gxh4 gxh4 61.Kd3 Kf4 62.Ke2 Kg3 63.Ke3 Kxh3 64.Kf2 Kh2
65.f4 h3 66.f5 Kh1 67.f6 h2 68.f7  1/2-1/2

[Event "Olympiad"]
[Site "Bled SLO"]
[Date "2002.10.31"]
[Round "6"]
[White "Bologan,V"]
[Black "Van Wely,L"]
[Result "1/2-1/2"]
[WhiteElo "2627"]
[BlackElo "2681"]

1.e4 c5 2.Nf3 Nc6 3.Bb5 e6 4.Bxc6 bxc6 5.d3 Ne7 6.Qe2 Ng6 7.h4 h5 8.e5 f6
9.Qe4 Kf7 10.Nbd2 d5 11.exd6 Qxd6 12.Nb3 Qd5 13.Be3 Qxe4 14.dxe4 c4 15.Nbd2 Ba6
16.O-O-O Be7 17.Nb1 Rhc8 18.Rd7 c5 19.Rdd1 Rc7 20.Bd2 Rb8 21.g3 Nf8 22.Bf4 e5
23.Nxe5+ fxe5 24.Bxe5 Rcb7 25.Bxb8 Rxb8 26.c3 Ke8 27.Rhe1 Nd7 28.e5 Nb6 29.Na3 Kf7
30.e6+ Kg6 31.Re5 Rf8 32.f4 Rf5 33.Rde1 Nc8 34.Nc2 Nd6 35.Rd1 Bc8 36.Ree1 Rf6
37.Rxd6 Bxd6 38.e7 Bxe7 39.Rxe7 Rd6 40.Ne3 Rd3 41.Re5 Kf6 42.a4 Bd7 43.Nd5+ Kg6
44.f5+ Kh6 45.Nf4 Rxg3 46.f6 gxf6 47.Rxh5+ Kg7 48.Rxc5 Rg1+ 49.Kd2 Bxa4 50.Rxc4 Rd1+
51.Ke3 Bb5 52.Rc7+ Kh6 53.Rxa7 Re1+ 54.Kd4 f5 55.Kc5 Re5+ 56.Nd5 Be2 57.Re7 Rxe7
58.Nxe7 f4 59.Kd4 Kh5 60.Nd5 f3 61.Ke3 Kxh4 62.Nf4 Bd1 63.Nd3 Kg3 64.Nf2 Bb3
65.Ne4+ Kg2 66.Nf2 Kg3 67.Ne4+ Kg2 68.Nd2 f2 69.Kd4 Kg3 70.c4 Kf4 71.Kd3 Ke5
72.Ke2 Ba2 73.Kd3 Bb3 74.Kc3 Bd1 75.b4 Be2 76.b5 f1=Q 77.Nxf1 Bxf1 78.Kb4 Kd6  1/2-1/2

[Event "Olympiad"]
[Site "Bled SLO"]
[Date "2002.11.02"]
[Round "8"]
[White "Mikhalchishin,A"]
[Black "Bologan,V"]
[Result "1/2-1/2"]
[WhiteElo "2542"]
[BlackElo "2627"]

1.d4 Nf6 2.c4 g6 3.Nc3 Bg7 4.e4 d6 5.f3 O-O 6.Be3 c5 7.Nge2 Nc6 8.d5 Ne5
9.Ng3 e6 10.Be2 a6 11.f4 Neg4 12.Bxg4 Nxg4 13.Qxg4 exd5 14.Qf3 d4 15.Bd2 dxc3
16.Bxc3 b5 17.O-O bxc4 18.Rad1 Rb8 19.e5 Bb7 20.Qf2 d5 21.Qxc5 Qc8 22.Qe3 Qc6
23.Rd2 Rfe8 24.Ne2 f6 25.Nd4 Qb6 26.e6 f5 27.Nxf5  1/2-1/2

[Event "Olympiad"]
[Site "Bled SLO"]
[Date "2002.11.05"]
[Round "10"]
[White "Rowson,J"]
[Black "Bologan,V"]
[Result "0-1"]
[WhiteElo "2547"]
[BlackElo "2627"]

1.c4 e5 2.g3 Nf6 3.Bg2 c6 4.d4 e4 5.Nc3 d5 6.Bg5 Bb4 7.Qb3 Bxc3+ 8.Qxc3 O-O
9.e3 Nbd7 10.cxd5 cxd5 11.Rc1 b6 12.Qa3 a5 13.Ne2 Ba6 14.Bh3 Rc8 15.Kd2 Rxc1
16.Rxc1 h6 17.Bf4 Qa8 18.Rc7 Rc8 19.Qc3 g5 20.Bd6 Rxc7 21.Qxc7 Bb5 22.Bxd7 Nxd7
23.Nc3 Bc6 24.a3 Kh7 25.b4 axb4 26.axb4 b5 27.Qa5 Qe8 28.Qc7 Nf6 29.h3 Kg6
30.Be7 Qd7 31.Qxd7 Nxd7 32.h4 f6 33.hxg5 fxg5 34.Ke2 Kf5 35.Nb1 Kg4 36.Nd2 Nb6
37.Bd8 Nc4 38.Nb3 Kh3 39.Be7 Nb2 40.Nc5 Kg4 41.Ne6 Nd3 42.Bf8 h5 43.Be7 h4
44.gxh4 gxh4 45.Bd6 h3 46.Kf1 Bd7 47.Nc5 Be8 48.Nb3 Nb2 49.Ke2 Bh5 50.Nc5 h2
51.Bxh2 Kh3+  0-1